Raindance - Dave feat. Tems (Full lyrics) - Statistics

General Stats
  • This quiz has been taken 54 times
  • The average score is 409 of 612
Answer Stats
Lyrics % Correct
a
100%
I
100%
yay,
100%
you
100%
You
100%
you,
100%
your
100%
Your
100%
get
95%
in,
95%
in
95%
In
95%
in-
95%
in—
95%
innit,
95%
innit
95%
part
95%
be
89%
it
89%
it,
89%
Let
89%
let
89%
me
89%
me,
89%
me?
89%
Me
89%
See
89%
see?
89%
see
89%
star
89%
the
89%
The
89%
when
89%
eyes
84%
eyes,
84%
heart
84%
heart,
84%
Let's
84%
love
84%
party
84%
to
84%
darlin'
79%
started
79%
that
79%
with
79%
And
74%
and
74%
babe"
74%
babe
74%
babe?
74%
Babe,
74%
can
74%
hardly
74%
I'm
74%
know
74%
know,
74%
need
74%
so
74%
That's
74%
Then
74%
want
74%
you're
74%
You're
74%
ask
68%
can't
68%
go
68%
like,
68%
like
68%
my
68%
My
68%
talkin'
68%
was
68%
way
68%
at
63%
away
63%
bar,
63%
best
63%
fallin'
63%
feel
63%
knew
63%
mind
63%
On
63%
thing
63%
"Wait,
63%
we
63%
We
63%
all
58%
bet,
58%
Better
58%
darling,
58%
do
58%
friend
58%
It's
58%
it's
58%
same
58%
she
58%
somethin',
58%
tell
58%
Tell
58%
than
58%
think
58%
This
58%
this
58%
wanna
58%
Beyoncé,
53%
brown
53%
by
53%
'cause
53%
checked
53%
Don't
53%
don't
53%
'fore
53%
Gucci,
53%
into
53%
is
53%
jokin'
53%
lookin'
53%
Lookin'
53%
mood
53%
never
53%
No
53%
no
53%
of
53%
one
53%
out
53%
red
53%
shimmy-
53%
shimmy,
53%
Shimmy-
53%
sound
53%
up
53%
up,
53%
where
53%
yah
53%
ain't
47%
argue,
47%
bless
47%
Friends
47%
got
47%
If
47%
lovers,
47%
ready,
47%
ready
47%
rock
47%
sing
47%
why
47%
5'9",
42%
But
42%
but
42%
catch
42%
close,
42%
denial
42%
down
42%
even
42%
feelings
42%
for
42%
givin'
42%
Hold
42%
horse,
42%
intimate
42%
laughin'
42%
lecture,
42%
lights
42%
marriages
42%
pardon
42%
Prada,
42%
ring
42%
shower
42%
skin
42%
stepped
42%
Tryna
42%
undress
42%
weddings,
42%
Are
37%
boy,
37%
fiancée
37%
finger,
37%
Finger,
37%
gon'
37%
Growin'
37%
I'ma
37%
one
37%
put
37%
Say
37%
scarrin'
37%
vent
37%
wine
37%
bad
32%
Brake
32%
carriages
32%
could
32%
didn't
32%
different
32%
from
32%
girl
32%
God
32%
hide
32%
little
32%
not
32%
or
32%
phone
32%
really
32%
said
32%
Said
32%
sixty-
32%
white
32%
who
32%
'90s
26%
back
26%
change
26%
child,
26%
ever
26%
everybody
26%
gave
26%
had
26%
line
26%
narrative
26%
sip
26%
Sometimes
26%
things
26%
trip
26%
wild
26%
wish
26%
beautiful
21%
come
21%
favourite
21%
goodnight
21%
help
21%
her
21%
house
21%
knows
21%
mum
21%
sick
21%
son
21%
sweat
21%
take
21%
time,
21%
two
21%
yourself
21%
bounce
16%
dinner
16%
I'll
16%
lean
16%
left
16%
spouse
16%
times
16%
block
11%
Fell
11%
pick
11%
ruined
11%
wasn't
11%
Banker,
5%
Though
5%
told
5%
they
0%
wrist,
0%
No matching quizzes found
Score Distribution
Percent of People with Each Score
Percentile by Number Answered
Your Score History
You have not taken this quiz